01752nam a2200325Ia 4500952010400000952010900104999001700213008004100230020001800271050002800289245011200317260003700429300003500466336001000501337001500511338001300526500009800539504003300637505035900670519010301029519004501132650003901177650004401216700002701260700002801287700002801315700002701343700004901370942000701419 00104070a04b04d2010-03-16l0oQA76.9.A43 I5818 2007p04 002692r2013-05-22t3w2012-06-24yLB 00102lcc4070a04b04d2017-04-12l0oQA76.9.A43 I5818 2007p05 000620r2023-02-08t1w2017-04-12yLB c62149d62149120625s2007 mx 001 0 spa d a9789701061244 4aQA76.9.A43 bI5818 200700aIntroducción al diseño y análisis de algoritmosb: un enfoque estratégico c/ R,C,T Lee... [et. al] aMéxicob: Mc Graw-Hillc, 2007 axiii, 736 páginas c; 24 cm. atexto asin medio  avolumen  aTraducción de: Introduction to the design and analysis of algorithms. A strategic approach  aBibliografía (pp. 647-700)0 aComplejidad de los algoritmos y cotas inferiores de los problemas El método codicioso La estrategia divide y vencerás La estrategia de árboles de búsqueda La estrategia prune-and-search Programación dinámicA Teoría de los problemas NP-completos Algoritmos de aproximación Análisis amortizado Algoritmos aleatorios Algoritmos en línea aPlan Flexible / bInformática / cAlgoritmica y Estructura de Datos II (P11 L-3) / d(04 001555) aMaterial Complementario / d(05 000620)  4aALGORITMOS COMPUTACIONALES  4aPROGRAMAS PARA COMPUTADORASxDESARROLLO1 aLee, R.C.T. e, autor 1 aTseng, S. S. e, autor 1 aChang, R. C. e, autor 1 aTsai, Y. T. e, autor 1 aVillagómez Velázquez, Hugoe, traductor  cLB